[Event "Titled Tuesday intern op 07th Jan Early"]
[Site "Chess.com INT"]
[Date "2025.01.07"]
[Round "3"]
[White "Talibov, Shiroghlan"]
[Black "Popov, Tikhon"]
[Result "1/2-1/2"]
[WhiteElo "2431"]
[BlackElo "2222"]
[PlyCount "128"]
[EventDate "2025.01.07"]
[EventType "swiss (blitz)"]
[EventRounds "11"]
[EventCountry "USA"]
[SourceTitle "CB03_2025"]
[SourceDate "2025.01.15"]
[SourceVersion "1"]
[SourceVersionDate "2025.01.15"]
[SourceQuality "1"]

1. d4 Nf6 2. Nf3 c5 3. d5 b5 4. Bg5 b4 5. a3 d6 6. axb4 cxb4 7. Bxf6 exf6 8. e3 Be7 9. Bb5+ Bd7 10. Qe2 0-0 11. Nbd2 f5 12. Nd4 Bf6 13. N2f3 f4 14. Bxd7 Nxd7 15. 0-0 fxe3 16. Qxe3 Re8 17. Qd2 Qb6 18. Rfe1 a5 19. b3 Nc5 20. Rxe8+ Rxe8 21. Re1 Rxe1+ 22. Qxe1 Kf8 23. Nc6 Nd7 24. g3 Qc5 25. Qe4 g6 26. Kg2 Nb6 27. Nd2 Nxd5 28. Qc4 Nc3 29. Qxc5 dxc5 30. Nxa5 Ne2 31. Ne4 Be7 32. Nb7 Nd4 33. Nexc5 Nxc2 34. Nd3 Nd4 35. Na5 Ke8 36. Ne5 Bd8 37. Nec6 Bxa5 38. Nxd4 Kd7 39. Kf3 Bb6 40. Nc2 Bc5 41. Ke2 Ke6 42. f3 Kd5 43. Kd3 f5 44. h3 h5 45. Ke2 Bd6 46. Kd3 Bc5 47. Kd2 g5 48. Ke2 g4 49. hxg4 hxg4 50. fxg4 fxg4 51. Kd3 Ke5 52. Ne3 Bd6 53. Nc4+ Kd5 54. Nxd6 Kxd6 55. Kc4 Ke5 56. Kxb4 Ke4 57. Kc4 Kf3 58. b4 Kxg3 59. b5 Kf2 60. b6 g3 61. b7 g2 62. b8Q g1Q 63. Qb6+ Kf1 64. Qxg1+ Kxg1 1/2-1/2

[Event "Titled Tuesday intern op 26th Nov Late"]
[Site "Chess.com INT"]
[Date "2024.11.26"]
[Round "3"]
[White "Makarian, Rudik"]
[Black "Popov, Tikhon"]
[Result "1-0"]
[WhiteElo "2547"]
[BlackElo "2219"]
[PlyCount "81"]
[EventDate "2024.11.26"]
[EventType "swiss (blitz)"]
[EventRounds "11"]
[EventCountry "USA"]
[SourceTitle "CB49_2024"]
[SourceDate "2024.12.04"]
[SourceVersion "1"]
[SourceVersionDate "2024.12.04"]
[SourceQuality "1"]

1. d4 Nf6 2. c4 c5 3. d5 b5 4. cxb5 a6 5. e3 e6 6. Nc3 exd5 7. Nxd5 Bb7 8. Nxf6+ Qxf6 9. Nf3 Be7 10. a4 0-0 11. Be2 axb5 12. Bxb5 Rd8 13. 0-0 h6 14. Qe2 d5 15. Rd1 Nc6 16. Rb1 d4 17. Bd2 dxe3 18. Bxe3 Nd4 19. Bxd4 cxd4 20. Rd3 Qg6 21. Rbd1 Bf6 22. h3 Rd6 23. Qf1 Rad8 24. Nd2 Rd5 25. Rg3 Rg5 26. Bd3 Qh5 27. Rxg5 Qxg5 28. Ne4 Bxe4 29. Bxe4 Qa5 30. Qb5 Qc7 31. Qd3 Qa5 32. b3 Rb8 33. g3 Qc3 34. Bd5 Qc5 35. Bc4 Re8 36. Qf3 Kf8 37. Kg2 Qe5 38. h4 Qc5 39. Ra1 Rd8 40. Qb7 d3 41. Qxf7# 1-0

[Event "Leninskiy Dokhoian Memorial Rapid"]
[Site "Leninskiy"]
[Date "2024.11.16"]
[Round "3"]
[White "Popov, Tikhon"]
[Black "Smirnov, Pavel"]
[Result "1/2-1/2"]
[WhiteElo "2219"]
[BlackElo "2482"]
[PlyCount "26"]
[EventDate "2024.11.16"]
[EventType "swiss (rapid)"]
[EventRounds "11"]
[EventCountry "RUS"]
[SourceTitle "CB47_2024"]
[SourceDate "2024.11.20"]
[SourceVersion "1"]
[SourceVersionDate "2024.11.20"]
[SourceQuality "1"]

1. e4 e5 2. Nf3 Nc6 3. Bb5 a6 4. Ba4 Nf6 5. 0-0 Be7 6. Re1 b5 7. Bb3 0-0 8. a4 b4 9. d4 d6 10. dxe5 Nxe5 11. Nxe5 dxe5 12. Qe2 Bc5 13. Be3 Bd4 1/2-1/2

[Event "RUS-ch Rapid"]
[Site "Sochi"]
[Date "2024.10.16"]
[Round "7"]
[White "Turov, Maxim"]
[Black "Popov, Tikhon"]
[Result "1/2-1/2"]
[WhiteElo "2536"]
[BlackElo "2219"]
[PlyCount "52"]
[EventDate "2024.10.15"]
[EventType "swiss (rapid)"]
[EventRounds "11"]
[EventCountry "RUS"]
[SourceTitle "CB43_2024"]
[Source "Chessbase"]
[SourceDate "2024.10.23"]
[SourceVersion "1"]
[SourceVersionDate "2024.10.23"]
[SourceQuality "1"]

1. e4 c5 2. Nc3 e6 3. Nf3 Nc6 4. Bb5 Nd4 5. 0-0 a6 6. Bd3 Nc6 7. Nd5 d6 8. Ne3 Nf6 9. c3 Be7 10. Bc2 0-0 11. d4 cxd4 12. cxd4 e5 13. d5 Nb4 14. Bb1 a5 15. a3 Na6 16. b4 Bd7 17. Bd2 Ng4 18. Nxg4 Bxg4 19. bxa5 Nc5 20. Bb4 f5 21. Bxc5 dxc5 22. exf5 Bd6 23. Re1 Qxa5 24. Be4 c4 25. Qc2 Bxf3 26. Bxf3 b5 1/2-1/2

[Event "Titled Tuesday intern op 24th Sep Early"]
[Site "Chess.com INT"]
[Date "2024.09.24"]
[Round "1"]
[White "Popov, Tikhon"]
[Black "Fontaine, Quentin"]
[Result "1-0"]
[WhiteElo "2217"]
[BlackElo "2327"]
[PlyCount "51"]
[EventDate "2024.09.24"]
[EventType "swiss (blitz)"]
[EventRounds "11"]
[EventCountry "USA"]
[SourceTitle "EXT 2025"]
[Source "ChessBase"]
[SourceDate "2024.10.14"]
[SourceVersion "1"]
[SourceVersionDate "2024.10.14"]
[SourceQuality "1"]

1. e4 c5 2. Nf3 a6 3. g3 b5 4. Bg2 Bb7 5. 0-0 e6 6. d4 cxd4 7. Nxd4 Nc6 8. Nc3 Nxd4 9. Qxd4 Rc8 10. Bf4 f6 11. Bd6 Bxd6 12. Qxd6 Qc7 13. Rad1 Qxd6 14. Rxd6 Nh6 15. Rfd1 Bc6 16. a3 Ke7 17. e5 Rc7 18. Bxc6 dxc6 19. Ne4 Nf7 20. Nc5 Nxe5 21. Nxe6 Rd7 22. Rxd7+ Nxd7 23. Nxg7 Ne5 24. f4 Ng4 25. Nf5+ Ke6 26. Nd4+ 1-0

[Event "Titled Tuesday intern op 24th Sep Early"]
[Site "Chess.com INT"]
[Date "2024.09.24"]
[Round "2"]
[White "Turzo, Attila"]
[Black "Popov, Tikhon"]
[Result "1-0"]
[WhiteElo "2278"]
[BlackElo "2217"]
[PlyCount "57"]
[EventDate "2024.09.24"]
[EventType "swiss (blitz)"]
[EventRounds "11"]
[EventCountry "USA"]
[SourceTitle "EXT 2025"]
[Source "ChessBase"]
[SourceDate "2024.10.14"]
[SourceVersion "1"]
[SourceVersionDate "2024.10.14"]
[SourceQuality "1"]

1. e4 c5 2. Nc3 e6 3. f4 d5 4. Nf3 Nf6 5. Bb5+ Bd7 6. Bxd7+ Qxd7 7. Qe2 Be7 8. 0-0 Nc6 9. d3 a6 10. Kh1 0-0 11. Ne5 Qc7 12. Nxc6 Qxc6 13. e5 Nd7 14. f5 exf5 15. Rxf5 Qe6 16. Rf1 Nxe5 17. Bf4 Ng6 18. Bg3 Bf6 19. Rae1 Qxe2 20. Rxe2 Bxc3 21. bxc3 Rfe8 22. Rfe1 Rxe2 23. Rxe2 Rc8 24. Kg1 h5 25. h3 c4 26. d4 Kf8 27. Bd6+ Kg8 28. Re1 f6 29. a4 1-0